| 000 | 00833nam a2200181 i 4500 | ||
|---|---|---|---|
| 001 | 156070 | ||
| 003 | ES-MaACL | ||
| 005 | 20230906210317.0 | ||
| 008 | 020717s1836 sp |||| | spa d | ||
| 100 | 1 |
_aIrazábal, Joaquín de ( _dm. 1849) _9128196 |
|
| 245 | 1 | 0 |
_aEnsayo sobre el sistema de hacienda que podría adoptarse en España y el modo de uniformar y estinguir la deuda pública / _cpor Joaquín de Irazábal. |
| 260 |
_aMadrid : _b[s.n.], _c1836 ( _fImp. de Ramón Verges) |
||
| 300 |
_a71, [4] p., [1] h. pleg. ; _c29 cm. |
||
| 505 | 8 | _aContiene: Apéndice al ensayo de don Joaquín de Irazábal... / por Cayetano Romero (4 p.) | |
| 650 | 0 | 4 |
_aHacienda pública- _zEspaña. _913281 |
| 700 | 1 |
_aRomero, Cayetano. _999312 |
|
| 852 |
_aES-MaACL _jR-2659(2) _x Olim:T-50-F _z- Enc. hol. _z- Enc. en un vol. facticio |
||
| 999 |
_c156070 _d156070 |
||